000 00493nam a2200193Ia 4500
008 240510s9999 xx 000 0 und d
020 _a0000133781186
041 _aEng
082 _a005.117
082 _bW21
100 _aWEBER E. C. & FORD, J.N,:
245 0 _aDEVELOPING WITH DELPHI OBJECT ORIENTED TECHNIQUES
260 _bNEW JERSEY : PRENTICE HALL :
260 _c1996
300 _a414 p.
650 _aDELPHI : OBJECT ORIENTED PROGRAMMING
942 _2ddc
942 _cRBK
999 _c24737
_d24737
945 _a1
_bMadushi Gamage
_c1
_dMadushi Gamage